=LDR 00000nam 2200000 4500 =001 INLIS000000000028097 =005 20130612130426 =008 ***********************************ind** =035 ##$$0010-061300000028097 =041 ##$$a ind =082 ##$$a 152.41 =090 ##$$a 152.41, JAM p =100 ##$$a Jamal, Agharidh =245 ##$$a Panggilan Cinta, Agharidh Jamal; penerjemah, H. Imam Awaluddin =260 ##$$a 2007 $b Jakarta =300 ##$$a xvi, 152 hlm., 21 cm =650 ##$$a Cinta =650 ##$$a Islam =850 ##$$a NBPNMAT